000 00701nam a22001937a 4500
003 OSt
005 20251129102916.0
008 251129b |||||||| |||| 00| 0 eng d
020 _a971-8510-85-8.
040 _aDWCL-Main lib.
_cOC
082 _aFil. 624.1821 B554s 2007
100 _aBesavilla, Venancio I., Jr.
245 _aSimplified steel design with solutions to latest CE Board Exams/
_cVenancio I. Besavilla Jr.
260 _aCebu City :
_bVIB Publisher,
_cc2007.
300 _a809 pages. :
_b illustrations;
_c21 centimeters.
650 _a1. Steel construction-Problems, exercises, etc.
650 _a2. Structural steel-Problems, exercises, etc.
942 _2ddc
_cBK - FIL
_hFil.
_n0
999 _c6602
_d6602